Kontroling hotela diplomová práca

Na minha lista:
Detalhes bibliográficos
Autor principal: Kučková, Katarína
Autor Corporativo: Obchodná fakulta EU. Katedra služieb a cestovného ruchu - zrušené
Outros Autores: Bažó, Ladislav, 1980-
Formato: Livro
Idioma:eslovaco
Publicado em: Bratislava 2018
Tags: Adicionar Tag
Sem tags, seja o primeiro a adicionar uma tag!

MARC

LEADER 00000nbm a2200000 4500
001 0243370
005 20180904143131.9
041 0 |a slo 
044 |a SK 
245 1 0 |a Kontroling hotela  |b diplomová práca  |c Katarína Kučková ; školiteľ: Ladislav Bažó 
264 1 |a Bratislava  |c 2018 
300 |a 79 s. 
100 1 |a Kučková, Katarína 
700 1 |a Bažó, Ladislav, 1980- 
710 2 |a Obchodná fakulta EU. Katedra služieb a cestovného ruchu - zrušené